The Umbral Calculus

Αποθηκεύτηκε σε:
Λεπτομέρειες βιβλιογραφικής εγγραφής
Κύριος συγγραφέας: Roman, Steven
Μορφή: Βιβλίο
Γλώσσα:English
Δημοσίευση: Mineocla, N.Y. : Dover, 2005.
Θέματα:
Ετικέτες: Προσθήκη ετικέτας
Δεν υπάρχουν, Καταχωρήστε ετικέτα πρώτοι!

MARC

LEADER 00000cam a2200000 a 4500
001 1/110653
008 160422s2005####nyu| ||| |||| ||eng||
020 |a 0486441393 
040 |a GR-MyUa  |b gre  |c GR-MyUa  |e AACR2 
041 0 |a eng 
082 7 |a 515   |2 (23) 
100 1 |a Roman, Steven. 
245 1 3 |a The Umbral Calculus /   |c Steven Roman.  
260 |a Mineocla, N.Y. :   |b Dover,   |c 2005.  
300 |a viii193 σ. ;   |c 22 εκ.  
500 |a This edition is an unabridged republication of the originally published by Academic press, New York, in 1984  
650 0 |a Calculus. 
852 |a INST  |b SAMOS  |e 20160422  |h 515 ROM  |p 005300043428  |q 005300043428  |t BK  |y 0 
970 |a Γουβάλα  |b Βάσω   |z 22-04-2016